Quiz o Zimbabwe - Statystyki

Ogólne statystyki
  • Ten quiz został rozwiązany 1 176 razy
    655 od ostatniego zresetowania
  • Średni wynik to 9 z 17
Statystyki odpowiedzi
Wskazówka Odpowiedź % Poprawnych
Państwa graniczące z Zimbabwe Zambia
92%
Państwa graniczące z Zimbabwe Republika Południowej Afryki
90%
Państwa graniczące z Zimbabwe Botswana
87%
Państwa graniczące z Zimbabwe Mozambik
87%
Stolica Harare
72%
Większość Zimbabwe składa się z tego ekosystemu łąk (wskazówka: zaczyna się na S) Sawanna
63%
Dawna nazwa Zimbabwe {Rodezja} Południowa
57%
Duży wodospad na powyższej rzece Wodospady {Wiktorii}
55%
Rzeka na północnej grancy Zimbabwe Zambezi
51%
W 2009 roku, z powodu hiperinflacji, Zimbabwe wydrukowało banknoty o zdumiewającej wartości nominalnej... {100 BILIONÓW} dolarów
47%
Grupa ludzi, która stanowiła 4,5% populacji Zimbabwe w 1975 r.,ale obecnie jest mniejsza niż 0,2% Biali
38%
Symbol narodowy {Ptak} Zimbabwe
34%
Dyktator Zimbabwe w latach 1980–2017, który rządził do 93. roku życia Robert Mugabe
34%
Zimbabwe ma ich szesnaście, więcej niż jakikolwiek inny kraj z wyjątkiem Boliwii Języki urzędowe
32%
Rzeka stanowiąca południową granice Zimbabwe Limpopo
27%
Starożytne miasto zbudowane w XI wieku, opuszczone w XV w. {Wielkie} Zimbabwe
27%
Nowa waluta Zimbabwe (wprowadzona w 2024r.) Zimbabwe Gold
18%
Nie znaleziono quizów pasujących do podanych kryteriów
Rozkład punktacji
Procent ludzi z każdym wynikiem
Percentyl według liczby udzielonych odpowiedzi
Twoja historia wyników
Nie rozwiązałeś tego quizu od ostatniego zresetowania